000 00535nam a2200193Ia 4500
003 GCL
008 140319s9999 xx 000 0 eng d
040 _aGCL /
_cGCL
082 0 4 _a153.12
_bS T
100 1 _aSINGER, JEFFERSON
245 1 0 _aTHE REMEMBERED SELF: EMOTION AND INDEEX /
_cSINGER, JEFFERSON
700 1 _aSALOVEY, PETER
260 _a[S.N] :
_bMACMILLAN ،
_c1993
300 _a257
650 0 4 _aAUTOBIOGRAPHICAL MEMORY
650 0 4 _aPERSONALITY AND COGITION
650 0 4 _aPERSONALITY AND EMOTIONS
942 _2ddc
_cBK
999 _c21856
_d21856